[Event "COL-ch Amateur U1700"]
[Site "Bogota"]
[Date "2018.02.16"]
[Round "2.11"]
[White "Gomez, Manuela"]
[Black "Gomez Cifuentes, Hernan Dario"]
[Result "0-1"]
[WhiteElo "1549"]
[BlackElo "1669"]
[PlyCount "74"]
[EventDate "2018.02.15"]
[EventType "swiss"]
[EventRounds "7"]
[EventCountry "COL"]
[SourceTitle "EXT 2024"]
[Source "ChessBase"]
[SourceDate "2023.10.10"]
[SourceVersion "1"]
[SourceVersionDate "2023.10.10"]
[SourceQuality "1"]

1. e4 e6 2. d4 d5 3. e5 c5 4. Nf3 cxd4 5. Qxd4 Nc6 6. Qf4 Qc7 7. Bd3 f6 8. exf6 Qxf4 9. Bxf4 gxf6 10. Bg3 e5 11. Bb5 Nge7 12. Nc3 Bh6 13. Rd1 Be6 14. Ba4 0-0-0 15. 0-0 Bg4 16. Rde1 Bxf3 17. gxf3 Nd4 18. Kg2 Bd2 19. Rd1 Bxc3 20. bxc3 Ne2 21. Bh4 Rhg8+ 22. Kh1 Rg6 23. Bb3 Nxc3 24. Rde1 Nf5 25. Bg3 h5 26. h4 Nxg3+ 27. fxg3 Rxg3 28. Kh2 Rg7 29. Re3 d4 30. Ree1 Nd5 31. Rb1 Nf4 32. Rg1 Rdd7 33. Bc4 Rc7 34. Bb3 Kd8 35. Rxg7 Rxg7 36. Rg1 Rxg1 37. Kxg1 b5 0-1

[Event "COL-chT (Women)"]
[Site "Ibague"]
[Date "2017.07.19"]
[Round "2.3"]
[White "Gomez, Manuela"]
[Black "Gomez Guardo, Laura Melissa"]
[Result "1/2-1/2"]
[WhiteElo "1561"]
[BlackElo "1736"]
[PlyCount "59"]
[EventDate "2017.07.19"]
[EventType "team-swiss"]
[EventRounds "6"]
[EventCountry "COL"]
[SourceTitle "CBM 179 Extra"]
[Source "ChessBase"]
[SourceDate "2017.08.23"]
[SourceVersion "1"]
[SourceVersionDate "2017.08.23"]
[SourceQuality "1"]
[WhiteTeam "Cladas (W)"]
[BlackTeam "Bolivar (W)"]
[WhiteTeamCountry "COL"]
[BlackTeamCountry "COL"]

1. e4 c5 2. Nf3 d6 3. d4 cxd4 4. Nxd4 Nf6 5. Nc3 e5 6. Nb3 a6 7. Bg5 Nbd7 8. a4 Be7 9. Qd2 Nc5 10. Nxc5 dxc5 11. Be2 Qxd2+ 12. Bxd2 h6 13. 0-0 0-0 14. Rad1 Rd8 15. f4 exf4 16. Bxf4 Be6 17. Bf3 g5 18. Bc1 Bc4 19. Rxd8+ Rxd8 20. Rd1 Rxd1+ 21. Bxd1 Bd6 22. b3 Be6 23. Bf3 g4 24. Be2 Be5 25. Bd2 Bd4+ 26. Kf1 h5 27. Bd3 Nd7 28. Ne2 Bh8 29. Nf4 Nf6 30. Nxe6 1/2-1/2

[Event "COL-ch Amateur U1700"]
[Site "Bogota"]
[Date "2017.03.02"]
[Round "1"]
[White "Gomez, Manuela"]
[Black "Montoya, Ricardo"]
[Result "0-1"]
[WhiteElo "1557"]
[BlackElo "1507"]
[PlyCount "82"]
[EventDate "2017.03.02"]
[EventType "swiss"]
[EventRounds "7"]
[EventCountry "COL"]
[SourceTitle "CBM 177 Extra"]
[Source "ChessBase"]
[SourceDate "2017.04.27"]
[SourceVersion "1"]
[SourceVersionDate "2017.04.27"]
[SourceQuality "1"]

1. e4 c5 2. Nf3 Nc6 3. d4 cxd4 4. Nxd4 e5 5. Nb3 Nf6 6. Nc3 Bb4 7. Bd2 Bxc3 8. Bxc3 Nxe4 9. Bxe5 Nxe5 10. Qd5 0-0 11. Qxe4 d5 12. Qd4 Bg4 13. f3 Bxf3 14. Kf2 Qf6 15. gxf3 Qxf3+ 16. Kg1 Ng4 17. Bg2 Qf5 18. Rf1 Qg6 19. Nc5 Rfe8 20. Nd3 Ne3 21. Rf2 Re4 22. Qc5 Rg4 23. Qxe3 Re4 24. Qg3 Rg4 25. Qe5 Rc8 26. Qxd5 Qe6 27. Qxb7 Re8 28. Qf3 h5 29. h3 Rg5 30. Qf4 Rg6 31. Kh2 Rf6 32. Qg5 Qd6+ 33. Kg1 Rg6 34. Qxh5 Qg3 35. Qf5 Rf6 36. Qd5 Ree6 37. Rxf6 Rxf6 38. Qa8+ Kh7 39. Qd5 Rg6 40. Qe4 f5 41. Qe5 Qxg2# 0-1

[Event "COL sub zt 2.3.4 (Women)"]
[Site "La Dorada"]
[Date "2016.11.05"]
[Round "6"]
[White "Gomez, Manuela"]
[Black "Giraldo Osorio, Jimena"]
[Result "1-0"]
[WhiteElo "1610"]
[BlackElo "1259"]
[PlyCount "49"]
[EventDate "2016.11.02"]
[EventType "swiss"]
[EventRounds "9"]
[EventCountry "COL"]
[SourceTitle "CBM 175 Extra"]
[Source "ChessBase"]
[SourceDate "2016.12.12"]
[SourceVersion "1"]
[SourceVersionDate "2016.12.12"]
[SourceQuality "1"]

1. e4 e5 2. Nc3 Nf6 3. g3 Be7 4. Bg2 0-0 5. Nge2 Nc6 6. d3 d6 7. h3 b6 8. 0-0 Be6 9. Kh2 h6 10. f4 Bd7 11. f5 g6 12. Bxh6 Re8 13. Qd2 Qc8 14. Qg5 Nh7 15. Qg4 Nf6 16. Qf3 gxf5 17. exf5 Kh7 18. Bd2 Rg8 19. g4 Nd4 20. Nxd4 exd4 21. Ne4 Nxe4 22. Qxe4 Bh4 23. f6+ Kh8 24. Qd5 Be6 25. Qh5# 1-0

[Event "COL sub zt 2.3.4 (Women)"]
[Site "La Dorada"]
[Date "2016.11.04"]
[Round "4"]
[White "Velasquez, Angie Gabriela"]
[Black "Gomez, Manuela"]
[Result "1-0"]
[WhiteElo "1724"]
[BlackElo "1610"]
[PlyCount "41"]
[EventDate "2016.11.02"]
[EventType "swiss"]
[EventRounds "9"]
[EventCountry "COL"]
[SourceTitle "CBM 175 Extra"]
[Source "ChessBase"]
[SourceDate "2016.12.12"]
[SourceVersion "1"]
[SourceVersionDate "2016.12.12"]
[SourceQuality "1"]

1. e4 e5 2. Nf3 Nc6 3. d4 exd4 4. Nxd4 Nf6 5. Nxc6 bxc6 6. e5 Nd5 7. c4 Nb6 8. Bd3 Be7 9. 0-0 0-0 10. b3 Bb7 11. Bb2 c5 12. Nd2 d5 13. exd6 Bxd6 14. Ne4 Bxh2+ 15. Kxh2 Qh4+ 16. Kg1 Bxe4 17. Bxe4 Qxe4 18. Re1 Qh4 19. Re3 Rad8 20. Qc2 Nd7 21. Rh3 1-0

[Event "COL sub zt 2.3.4 (Women)"]
[Site "La Dorada"]
[Date "2016.11.03"]
[Round "2"]
[White "Gomez, Manuela"]
[Black "Orozco, Lina Yomayra"]
[Result "0-1"]
[WhiteElo "1610"]
[BlackElo "2060"]
[PlyCount "48"]
[EventDate "2016.11.02"]
[EventType "swiss"]
[EventRounds "9"]
[EventCountry "COL"]
[SourceTitle "CBM 175 Extra"]
[Source "ChessBase"]
[SourceDate "2016.12.12"]
[SourceVersion "1"]
[SourceVersionDate "2016.12.12"]
[SourceQuality "1"]

1. e4 c5 2. Nf3 a6 3. d4 cxd4 4. Nxd4 Nf6 5. Nc3 e5 6. Nb3 Bb4 7. Bd3 d5 8. 0-0 Bxc3 9. bxc3 dxe4 10. Be2 0-0 11. f4 Qb6+ 12. Kh1 Nc6 13. g4 Rd8 14. Qe1 Bxg4 15. Bxg4 Nxg4 16. Qg3 Rd1 17. Rxd1 Nf2+ 18. Kg2 Nxd1 19. fxe5 e3 20. Qe1 Nxe5 21. Qxd1 Qg6+ 22. Kf1 Qf5+ 23. Kg2 Qf2+ 24. Kh1 Nf3 0-1

[Event "Manizales-ch"]
[Site "Manizales"]
[Date "2016.09.11"]
[Round "8"]
[White "Gomez, Manuela"]
[Black "Ramirez Arias, Jacobo"]
[Result "0-1"]
[WhiteElo "1654"]
[BlackElo "1281"]
[PlyCount "24"]
[EventDate "2016.09.05"]
[EventType "swiss"]
[EventRounds "9"]
[EventCountry "COL"]
[SourceTitle "CBM 174 Extra"]
[Source "ChessBase"]
[SourceDate "2016.10.10"]
[SourceVersion "1"]
[SourceVersionDate "2016.10.10"]
[SourceQuality "1"]

1. e4 e5 2. Nc3 Nf6 3. g3 d5 4. d3 dxe4 5. dxe4 Qxd1+ 6. Kxd1 Bc5 7. f3 Be6 8. Bd3 Nc6 9. Nge2 0-0-0 10. Ke1 Nb4 11. Bb5 Nxc2+ 12. Kf1 Bh3# 0-1

[Event "Manizales-ch"]
[Site "Manizales"]
[Date "2016.09.08"]
[Round "4"]
[White "Serna, Juliana Victoria"]
[Black "Gomez, Manuela"]
[Result "0-1"]
[WhiteElo "1428"]
[BlackElo "1654"]
[PlyCount "50"]
[EventDate "2016.09.05"]
[EventType "swiss"]
[EventRounds "9"]
[EventCountry "COL"]
[SourceTitle "CBM 174 Extra"]
[Source "ChessBase"]
[SourceDate "2016.10.10"]
[SourceVersion "1"]
[SourceVersionDate "2016.10.10"]
[SourceQuality "1"]

1. e4 e5 2. Nf3 Nc6 3. Bb5 a6 4. Ba4 Nf6 5. d3 d6 6. 0-0 b5 7. Bb3 Na5 8. Nc3 Be7 9. Nd5 Nxb3 10. Nxf6+ Bxf6 11. axb3 0-0 12. Bd2 Be7 13. c4 f5 14. Re1 fxe4 15. dxe4 Bg4 16. h3 Bxf3 17. gxf3 Bg5 18. Bxg5 Qxg5+ 19. Kh2 Qh4 20. Qe2 Rf6 21. Rg1 Qf4+ 22. Rg3 Raf8 23. Kg2 h5 24. Qe3 h4 25. Qxf4 Rxf4 0-1

[Event "Villamaria op 2nd"]
[Site "Villamaria"]
[Date "2016.07.02"]
[Round "1"]
[White "Nieto Medina, Agustin"]
[Black "Gomez, Manuela"]
[Result "0-1"]
[WhiteElo "2067"]
[BlackElo "1636"]
[PlyCount "44"]
[EventDate "2016.07.02"]
[EventType "swiss"]
[EventRounds "7"]
[EventCountry "COL"]
[SourceTitle "CBM 173 Extra"]
[Source "ChessBase"]
[SourceDate "2016.08.29"]
[SourceVersion "1"]
[SourceVersionDate "2016.08.29"]
[SourceQuality "1"]

1. e4 e5 2. Nf3 Nc6 3. d4 exd4 4. Bc4 Bc5 5. 0-0 d6 6. c3 dxc3 7. Nxc3 Nf6 8. Bg5 Bg4 9. Qb3 0-0 10. Nd5 Na5 11. Qc3 Nxe4 12. Qxa5 Nxg5 13. Nxg5 Qxg5 14. Rfe1 Bf3 15. Ne3 Rfe8 16. Qd2 Re7 17. h4 Qg6 18. Bd3 Be4 19. Bxe4 Rxe4 20. h5 Qxh5 21. Nd5 Rh4 22. g3 Rh1+ 0-1

[Event "Manizales Castro Memorial"]
[Site "Manizales"]
[Date "2015.12.19"]
[Round "4"]
[White "Gomez, Manuela"]
[Black "Cardona Rios, Sebastian"]
[Result "1-0"]
[WhiteElo "1685"]
[BlackElo "1569"]
[PlyCount "35"]
[EventDate "2015.12.17"]
[EventType "swiss"]
[EventRounds "7"]
[EventCountry "COL"]
[SourceTitle "CBM 170 Extra"]
[Source "ChessBase"]
[SourceDate "2016.02.25"]
[SourceVersion "1"]
[SourceVersionDate "2016.02.25"]
[SourceQuality "1"]

1. e4 e5 2. Nf3 Nc6 3. Bc4 Nf6 4. Nc3 Bd6 5. 0-0 0-0 6. d4 b6 7. Bg5 exd4 8. Nxd4 Be5 9. Nxc6 dxc6 10. Qf3 g6 11. Rad1 Bg4 12. Rxd8 Bxf3 13. Rxf8+ Rxf8 14. gxf3 Nh5 15. Rd1 Nf4 16. Bh6 Nh3+ 17. Kf1 Re8 18. Rd7 1-0

[Event "Manizales Castro Memorial"]
[Site "Manizales"]
[Date "2015.12.17"]
[Round "1"]
[White "Gomez, Manuela"]
[Black "Torres, Juan Camilo"]
[Result "0-1"]
[WhiteElo "1685"]
[BlackElo "2300"]
[PlyCount "64"]
[EventDate "2015.12.17"]
[EventType "swiss"]
[EventRounds "7"]
[EventCountry "COL"]
[SourceTitle "CBM 170 Extra"]
[Source "ChessBase"]
[SourceDate "2016.02.25"]
[SourceVersion "1"]
[SourceVersionDate "2016.02.25"]
[SourceQuality "1"]

1. e4 c5 2. Nc3 Nc6 3. g3 g6 4. Bg2 Bg7 5. f4 d6 6. Nf3 e6 7. 0-0 Nge7 8. Ne2 0-0 9. c3 b6 10. d4 Ba6 11. Re1 Rc8 12. Be3 cxd4 13. cxd4 Bb7 14. Rc1 Nb4 15. a3 Rxc1 16. Qxc1 Nd3 17. Qc2 Nxe1 18. Nxe1 Qc8 19. Nc3 f5 20. Qb3 fxe4 21. Nxe4 Bd5 22. Qb4 Qc6 23. Nc3 Bxg2 24. Nxg2 Nf5 25. Bf2 Rc8 26. Ne1 a5 27. Qb5 Nxd4 28. Qxc6 Rxc6 29. Nd3 Nf3+ 30. Kg2 Nd2 31. Nb5 Ne4 32. Nd4 Nxf2 0-1

[Event "COL-ch U20 Girls"]
[Site "Bogota"]
[Date "2014.03.15"]
[Round "5"]
[White "Becerra Fonseca, Camila Andrea"]
[Black "Gomez, Manuela"]
[Result "0-1"]
[WhiteElo "1632"]
[BlackElo "1411"]
[PlyCount "98"]
[EventDate "2014.03.13"]
[EventType "swiss"]
[EventRounds "7"]
[EventCountry "COL"]
[SourceTitle "CBM 159 Extra"]
[Source "ChessBase"]
[SourceDate "2014.04.24"]
[SourceVersion "1"]
[SourceVersionDate "2014.04.24"]
[SourceQuality "1"]

1. d4 d5 2. c4 c6 3. Nc3 Nf6 4. Nf3 g6 5. Bg5 Bg7 6. Qc1 0-0 7. Bh6 Bf5 8. Nh4 Qd7 9. Bxg7 Kxg7 10. e3 Ne4 11. Bd3 f6 12. f3 Nd6 13. Nxf5+ Nxf5 14. e4 dxe4 15. Bxe4 Nxd4 16. 0-0 b5 17. cxb5 cxb5 18. Bxa8 b4 19. Nd5 Ne2+ 20. Kh1 Nxc1 21. Raxc1 Rc8 22. Rce1 Re8 23. Rc1 Qb5 24. Nc7 Qd7 25. Rfd1 Qc8 26. Re1 e5 27. Nd5 Qe6 28. Rc7+ Kg8 29. Rxa7 Nc6 30. Nc7 Qd7 31. Bxc6 Qxc6 32. Nxe8 Qxe8 33. Rc1 Qe6 34. Rac7 Qxa2 35. Rc8+ Kf7 36. R8c7+ Ke6 37. R7c6+ Kf5 38. g4+ Kf4 39. R1c4+ Kxf3 40. Rc1 Qxb2 41. Rf1+ Kxg4 42. Rc4+ Kg5 43. h4+ Kh6 44. h5 Qe2 45. Rfc1 Qxh5+ 46. Kg2 Qe2+ 47. Kg3 Kg5 48. Kh3 b3 49. Rg1+ Kf5 0-1

[Event "COL-ch U20 Girls"]
[Site "Bogota"]
[Date "2014.03.14"]
[Round "3"]
[White "Mesa, Brenda Sofia"]
[Black "Gomez, Manuela"]
[Result "1-0"]
[WhiteElo "1830"]
[BlackElo "1411"]
[PlyCount "49"]
[EventDate "2014.03.13"]
[EventType "swiss"]
[EventRounds "7"]
[EventCountry "COL"]
[SourceTitle "CBM 159 Extra"]
[Source "ChessBase"]
[SourceDate "2014.04.24"]
[SourceVersion "1"]
[SourceVersionDate "2014.04.24"]
[SourceQuality "1"]

1. e4 e5 2. Nf3 Nc6 3. Bb5 d6 4. d4 Bd7 5. 0-0 Nf6 6. Bg5 a6 7. Bxc6 Bxc6 8. dxe5 dxe5 9. Nxe5 Bxe4 10. Qe2 Qd5 11. Nc3 Qxe5 12. Bxf6 Qxf6 13. Qxe4+ Be7 14. Qxb7 0-0 15. Nd5 Qd6 16. Nxe7+ Qxe7 17. b3 Qc5 18. c4 a5 19. Rfd1 Rfd8 20. Rd5 Qb6 21. Rad1 Qf6 22. Qxc7 Rxd5 23. cxd5 Re8 24. Qxa5 h6 25. Qd2 1-0

[Event "COL-ch U20 Girls"]
[Site "Bogota"]
[Date "2014.03.13"]
[Round "2"]
[White "Gomez, Manuela"]
[Black "Loaiza, Yurani"]
[Result "0-1"]
[WhiteElo "1411"]
[BlackElo "1949"]
[PlyCount "30"]
[EventDate "2014.03.13"]
[EventType "swiss"]
[EventRounds "7"]
[EventCountry "COL"]
[SourceTitle "CBM 159 Extra"]
[Source "ChessBase"]
[SourceDate "2014.04.24"]
[SourceVersion "1"]
[SourceVersionDate "2014.04.24"]
[SourceQuality "1"]

1. e4 e5 2. Nf3 Nf6 3. Nc3 Bb4 4. d3 d5 5. exd5 Qxd5 6. Bd2 Bxc3 7. Bxc3 Bg4 8. Be2 Nc6 9. 0-0 0-0-0 10. Bd2 Rhe8 11. c4 Qd6 12. Qc2 e4 13. dxe4 Bxf3 14. Bxf3 Qxd2 15. Qxd2 Rxd2 0-1

[Event "Bogota IRT Categoria B U17 Girls"]
[Site "Bogota"]
[Date "2013.10.23"]
[Round "3.12"]
[White "Gomez, Manuela"]
[Black "Idarraga Gallego, Maria Estefani"]
[Result "1-0"]
[WhiteElo "1392"]
[BlackElo "1592"]
[PlyCount "61"]
[EventDate "2013.10.22"]
[EventType "swiss"]
[EventRounds "5"]
[EventCountry "COL"]
[SourceTitle "EXT 2024"]
[Source "ChessBase"]
[SourceDate "2023.10.10"]
[SourceVersion "1"]
[SourceVersionDate "2023.10.10"]
[SourceQuality "1"]

1. e4 e5 2. Nf3 Nc6 3. Bc4 Nf6 4. Ng5 d5 5. exd5 Nxd5 6. d3 Be7 7. Qf3 0-0 8. Nxf7 Be6 9. Nxd8 Rxf3 10. Nxe6 Rf6 11. Bxd5 Raf8 12. Nxf8+ Kxf8 13. Bg5 Rd6 14. Bxe7+ Kxe7 15. Nc3 Nd4 16. 0-0-0 c6 17. Bf3 b5 18. Rde1 b4 19. Rxe5+ Kf6 20. Ne4+ Kxe5 21. Nxd6 Kxd6 22. Re1 a5 23. Re4 c5 24. Kd2 Kd5 25. c3 Nb5 26. Rxb4+ Kd6 27. Rxb5 Ke5 28. Rxc5+ Kd6 29. Rxa5 Kc7 30. Ke3 Kb6 31. Re5 1-0

[Event "Bogota IRT Categoria B U17 Girls"]
[Site "Bogota"]
[Date "2013.10.22"]
[Round "1.8"]
[White "Gomez, Manuela"]
[Black "Barbosa, Daniela"]
[Result "0-1"]
[WhiteElo "1392"]
[BlackElo "1681"]
[PlyCount "63"]
[EventDate "2013.10.22"]
[EventType "swiss"]
[EventRounds "5"]
[EventCountry "COL"]
[SourceTitle "EXT 2024"]
[Source "ChessBase"]
[SourceDate "2023.10.10"]
[SourceVersion "1"]
[SourceVersionDate "2023.10.10"]
[SourceQuality "1"]

1. e4 e5 2. Nf3 Nc6 3. Bc4 Nf6 4. Nc3 Be7 5. 0-0 d6 6. h3 Nd4 7. Nxd4 exd4 8. Ne2 c5 9. c3 dxc3 10. Nxc3 0-0 11. d4 a6 12. dxc5 dxc5 13. Bf4 b5 14. Bd3 c4 15. Bc2 Bb7 16. Re1 Bb4 17. Bd2 Re8 18. f3 Nh5 19. g4 Qb6+ 20. Be3 Bc5 21. Qe2 Bxe3+ 22. Qxe3 Qxe3+ 23. Rxe3 Nf4 24. Kf2 Nxh3+ 25. Kg3 Ng5 26. Rh1 Rad8 27. Re2 Ne6 28. Reh2 h6 29. Ne2 Rd2 30. Nf4 Rxh2 31. Rxh2 Ng5 32. Rd2 0-1

[Event "Bogota IRT Categoria B U17 Girls"]
[Site "Bogota"]
[Date "2013.10.22"]
[Round "2.11"]
[White "Sandoval Fuquen, Janneth Katherin"]
[Black "Gomez, Manuela"]
[Result "1-0"]
[WhiteElo "1526"]
[BlackElo "1392"]
[PlyCount "59"]
[EventDate "2013.10.22"]
[EventType "swiss"]
[EventRounds "5"]
[EventCountry "COL"]
[SourceTitle "EXT 2024"]
[Source "ChessBase"]
[SourceDate "2023.10.10"]
[SourceVersion "1"]
[SourceVersionDate "2023.10.10"]
[SourceQuality "1"]

1. e4 e5 2. Bc4 Nc6 3. Nf3 Nf6 4. Nc3 Nxe4 5. Nxe4 d5 6. Bxd5 Qxd5 7. d3 Bf5 8. Nc3 Qd8 9. 0-0 Bc5 10. Ne4 Bb6 11. h3 0-0 12. Ng3 Be6 13. Be3 f5 14. Bxb6 axb6 15. Qe2 Qd6 16. Ng5 Rf6 17. a3 Raf8 18. Rae1 Bd7 19. c3 Re8 20. h4 h6 21. Nf3 Qe7 22. Qd1 Rg6 23. Nxe5 Re6 24. Nxc6 bxc6 25. Rxe6 Bxe6 26. Re1 Qxh4 27. Nxf5 Qf6 28. Nd4 Bd7 29. Rxe8+ Bxe8 30. Qe2 1-0

[Event "Dosquebrad op"]
[Site "Dosquebrad"]
[Date "2013.06.22"]
[Round "6"]
[White "Zapata, Carlos Alberto"]
[Black "Gomez, Manuela"]
[Result "1/2-1/2"]
[WhiteElo "1667"]
[BlackElo "1357"]
[PlyCount "107"]
[EventDate "2013.06.19"]
[EventType "swiss"]
[EventRounds "7"]
[EventCountry "COL"]
[SourceTitle "CBM 155 Extra"]
[Source "ChessBase"]
[SourceDate "2013.08.26"]
[SourceVersion "1"]
[SourceVersionDate "2013.08.26"]
[SourceQuality "1"]

1. d4 d5 2. c4 Nf6 3. cxd5 Nxd5 4. e4 Nb6 5. Nc3 g6 6. Be3 Bg7 7. e5 0-0 8. Bd3 f6 9. Qb3+ Kh8 10. e6 Nc6 11. Nf3 Qd6 12. Nb5 Qb4+ 13. Bd2 Qxb3 14. axb3 Bxe6 15. Nxc7 Bxb3 16. Nxa8 Rxa8 17. 0-0 Rd8 18. Ra3 Bc4 19. Bxc4 Nxc4 20. Rb3 Nxd4 21. Nxd4 Nxd2 22. Ne6 Rd7 23. Rc3 Kg8 24. Re1 Kf7 25. Rc7 Rxc7 26. Nxc7 f5 27. Nd5 e6 28. Nc3 a6 29. Rd1 Nc4 30. Rd7+ Kf8 31. Rxb7 Nxb2 32. Ne2 a5 33. Ra7 a4 34. Nc1 Bd4 35. Ra6 Bc5 36. Kf1 a3 37. Ke2 Ke7 38. f3 Kf6 39. Kd2 Ke5 40. Nd3+ Nxd3 41. Kxd3 Kd5 42. f4 g5 43. g3 gxf4 44. gxf4 e5 45. fxe5 Kxe5 46. Ra5 Kd5 47. Ra4 Bd6 48. Ra5+ Bc5 49. Ra4 f4 50. Rxf4 Bd6 51. Ra4 h5 52. Ra5+ Bc5 53. Ra4 Be7 54. Ra5+ 1/2-1/2